KOHA-Header-6

نگارشات (Record no. 13971)

000 -LEADER
fixed length control field 00253nam a22001097a 4500
082 ## - DEWEY DECIMAL CLASSIFICATION NUMBER
Classification number 910.4
100 ## - MAIN ENTRY--AUTHOR NAME
Personal name صبر بدر جعفری
245 ## - TITLE STATEMENT
Title نگارشات
260 ## - PUBLICATION, DISTRIBUTION, ETC. (IMPRINT)
Place of publication حیدرآباد
Name of publisher ادارہ انوار آداب
300 ## - PHYSICAL DESCRIPTION
Number of Pages 292
942 ## - ADDED ENTRY ELEMENTS (KOHA)
Koha item type Books
Holdings
Withdrawn status Lost status Collection code Permanent Location Current Location Shelving location Date acquired Full call number Accession Number Koha item type
    Urdu Literature MAJU MAJU Shelf No.A12 2024-09-10 910.4 11066 Books

Powered by Koha